000 00841nac a22002417a 4500
001 BR8206117
003 BR-BrBNA
005 20240105115525.0
008 230509b bl.|||m| |||| 00| 0 por d
040 _aBR-BrBNA
_bpor
_cBiblioteca Nacional de Agricultura
072 _aE30
090 _aE30 BR8206117
110 1 _aFundacao Estadual de Planejamento Agricola de Alagoas, Maceio (Brasil)
_94888
245 1 _aRelatorio de atividades 1981 [Fundacao Estadual de Planejamento Agricola de Alagoas, Brasil]
260 3 _aMaceio, AL (Brasil):
_c1982.
300 _a38 p.
490 _aRelatorio - Fundacao Estadual de Planejamento Agricola de Alagoas (Brazil)
_v
_x
650 _aPLANEJAMENTO AGRICOLA
650 _aINSTITUICAO AGRICOLA
650 _aALAGOAS
909 _a202312
_bLúcia Elande
_c55
_dLúcia Elande
942 _2AGRIS
_n0
_cMS
999 _c275165
_d275165